Escrime 2023 : De quel pays est originaire le champion du monde ? - Statistiques

Statistiques générales
  • Ce quiz a été pris 71 fois
  • Le résultat moyen est 5 sur 12
Statistiques - réponses
Hint Réponse % Correct
Epée Individuel F France
73%
Fleuret Individuel H Italie
66%
Epée Individuel H Hongrie
61%
Fleuret Individuel F Italie
55%
Fleuret Par équipes F Italie
55%
Epée Par équipes H Italie
50%
Sabre Par équipes H Hongrie
39%
Fleuret Par équipes H Japon
32%
Sabre Par équipes F Hongrie
30%
Sabre Individuel F Japon
29%
Sabre Individuel H Etats-Unis
25%
Epée Par équipes F Pologne
14%
Aucun quiz correspondant
Distribution des résultats
% des personnes avec chaque résultat
Percentile par nombre de réponses
Votre historique - résultats
Vous n’avez pas pris ce quiz